000 00570nam a22001817a 4500
005 20171103123819.0
010 _aENG-121164
020 _a9789380944005
_c295.00
035 _aEN-104696
037 _bDBAD/PUB
082 _a915.4
100 _aBandopdhyay, Manohar
245 _aTourist destinations in India /
_cby Manohar Bandopadhyay
260 _aNew Delhi
_bOriental Books
_c2010
270 _a4760-61, IInd floor 23, Ansari Road Daryaganj
_bNew Delhi
_e110002
300 _axii,176p.:
_bill.(maps)
_c22cm.(Hb)
942 _2ddc
_cEN
_h915.4
_mBAN
999 _c147089
_d147089